000 00352nam a2200145Ia 4500
005 20241106004507.0
008 240331s9999 xx 000 0 und d
082 _bFER
_a823
100 _aFernando, V
245 0 _aEleven stories
260 _aColombo
_bCentre for society & religion
_c1988
300 _a90 p .,
650 _aShort stories
942 _cL
999 _c3333
_d3333